[Event "Gran Canaria-ch Seniors 50"]
[Site "Gran Canaria"]
[Date "2020.02.14"]
[Round "4"]
[White "Kleine, Peter"]
[Black "Parsons, Alan"]
[Result "1/2-1/2"]
[WhiteElo "1525"]
[BlackElo "1781"]
[PlyCount "51"]
[EventDate "2020.02.04"]
[EventType "swiss"]
[EventRounds "7"]
[EventCountry "ESP"]
[SourceTitle "CBM 195 Extra"]
[Source "ChessBase"]
[SourceDate "2020.05.31"]
[SourceVersion "1"]
[SourceVersionDate "2020.05.31"]
[SourceQuality "1"]

1. c4 Nf6 2. Nc3 d5 3. cxd5 Nxd5 4. d4 g6 5. e3 Bg7 6. Nf3 0-0 7. Be2 c5 8. Qb3 Nxc3 9. bxc3 Nc6 10. 0-0 cxd4 11. cxd4 e5 12. dxe5 Nxe5 13. Ba3 Nxf3+ 14. Bxf3 Bxa1 15. Bxf8 Be5 16. Bh6 Qh4 17. Bf4 Bxf4 18. exf4 Qxf4 19. Re1 Be6 20. Qxb7 Rc8 21. Qxa7 Qd2 22. Rd1 Rc1 23. Qb8+ Kg7 24. Qe5+ Kf8 25. Qc5+ Rxc5 26. Rxd2 1/2-1/2

[Event "Gran Canaria Santana Memorial 7th"]
[Site "Gran Canaria"]
[Date "2019.11.21"]
[Round "6"]
[White "Gonzalez Sastron, David"]
[Black "Kleine, Peter"]
[Result "1-0"]
[WhiteElo "1388"]
[BlackElo "1558"]
[PlyCount "79"]
[EventDate "2019.11.05"]
[EventType "swiss"]
[EventRounds "7"]
[EventCountry "ESP"]
[SourceTitle "CBM 193 Extra"]
[Source "ChessBase"]
[SourceDate "2020.01.31"]
[SourceVersion "1"]
[SourceVersionDate "2020.01.31"]
[SourceQuality "1"]

1. e4 e5 2. Nf3 Nf6 3. d3 Nc6 4. Be2 Bc5 5. Be3 Bxe3 6. fxe3 d6 7. h3 Bd7 8. Nc3 Nh5 9. Qd2 Ng3 10. Rg1 0-0 11. 0-0-0 a5 12. Qe1 Nxe2+ 13. Qxe2 a4 14. g4 a3 15. b3 Nb4 16. h4 c6 17. g5 Qa5 18. Qe1 g6 19. Nh2 d5 20. Kb1 d4 21. exd4 exd4 22. Ne2 c5 23. Ng4 Bxg4 24. Rxg4 b5 25. Qf2 Qc7 26. Rh1 Qe5 27. Qf6 Qxf6 28. gxf6 h5 29. Rg5 Rac8 30. Nf4 Kh7 31. Rhg1 Rg8 32. Nxh5 Kh6 33. Nf4 c4 34. Rxb5 cxd3 35. Rxb4 Rxc2 36. Nxd3 Rh2 37. Rxd4 Rxh4 38. Ne5 Rf8 39. Rd7 Rh2 40. Ng4+ 1-0

[Event "Gran Canaria Galdos op 3rd"]
[Site "Gran Canaria"]
[Date "2018.04.26"]
[Round "5"]
[White "Macias Reyes, Jose Luis"]
[Black "Kleine, Peter"]
[Result "1-0"]
[WhiteElo "1552"]
[BlackElo "1601"]
[PlyCount "93"]
[EventDate "2018.04.18"]
[EventType "swiss"]
[EventRounds "5"]
[EventCountry "ESP"]
[SourceTitle "EXT 2024"]
[Source "ChessBase"]
[SourceDate "2023.10.10"]
[SourceVersion "1"]
[SourceVersionDate "2023.10.10"]
[SourceQuality "1"]

1. d4 d5 2. Bf4 a6 3. Nf3 Nf6 4. e3 e6 5. Bd3 c5 6. c3 c4 7. Be2 Bd6 8. Bg3 0-0 9. Ne5 Qc7 10. Nd2 Nbd7 11. f4 b5 12. a3 Bb7 13. 0-0 Ne4 14. Bf3 Nxg3 15. hxg3 Nf6 16. Qc2 h5 17. Kf2 Bxe5 18. fxe5 Ng4+ 19. Ke2 f5 20. exf6 Rxf6 21. Bxg4 Rxf1 22. Rxf1 hxg4 23. Qg6 Qe7 24. Rh1 Bc6 25. Qh7+ Kf7 26. Rf1+ Ke8 27. Qg6+ Kd8 28. Rf7 Be8 29. Rxe7 Bxg6 30. Rxe6 Bd3+ 31. Ke1 Kd7 32. Re5 Rh8 33. Rxd5+ Ke6 34. Re5+ Kf7 35. Kf2 Rh1 36. e4 Rd1 37. Ke3 Re1+ 38. Kf4 Re2 39. d5 Rxd2 40. d6 Bf1 41. Re7+ Kg6 42. Ke5 Bxg2 43. d7 Bf3 44. Re6+ Kf7 45. Rd6 Re2 46. d8Q Rxe4+ 47. Kf5 1-0

[Event "Gran Canaria Cabildo op"]
[Site "Gran Canaria"]
[Date "2018.04.06"]
[Round "6"]
[White "Kleine, Peter"]
[Black "Bozinovic, Boban"]
[Result "1-0"]
[WhiteElo "1601"]
[BlackElo "1990"]
[PlyCount "59"]
[EventDate "2018.03.06"]
[EventType "swiss"]
[EventRounds "7"]
[EventCountry "ESP"]
[SourceTitle "CBM 183 Extra"]
[Source "ChessBase"]
[SourceDate "2018.04.19"]
[SourceVersion "1"]
[SourceVersionDate "2018.04.19"]
[SourceQuality "1"]

1. Nh3 g6 2. g3 Bg7 3. Bg2 Nf6 4. d4 0-0 5. 0-0 d5 6. c3 c6 7. Nd2 Re8 8. f4 Nbd7 9. Nf2 c5 10. Nf3 cxd4 11. cxd4 Qb6 12. e3 Rd8 13. a4 a5 14. Ra3 Ne4 15. Rb3 Qa7 16. Nxe4 dxe4 17. Ng5 Nf6 18. Nxe4 Nxe4 19. Bxe4 Rb8 20. Qf3 Bh3 21. Rf2 h5 22. f5 Rbc8 23. Bd2 Kh7 24. Rxb7 Qa6 25. fxg6+ Kg8 26. Qxf7+ Kh8 27. Rxe7 Rg8 28. Bb7 Qd3 29. Bxc8 Bxc8 30. Re8 1-0

[Event "Gran Canaria Cabildo op"]
[Site "Gran Canaria"]
[Date "2018.03.13"]
[Round "3"]
[White "Kleine, Peter"]
[Black "Cruz Pino, Adrian"]
[Result "0-1"]
[WhiteElo "1601"]
[BlackElo "2148"]
[PlyCount "80"]
[EventDate "2018.03.06"]
[EventType "swiss"]
[EventRounds "7"]
[EventCountry "ESP"]
[SourceTitle "CBM 183 Extra"]
[Source "ChessBase"]
[SourceDate "2018.04.19"]
[SourceVersion "1"]
[SourceVersionDate "2018.04.19"]
[SourceQuality "1"]

1. e4 c5 2. Bc4 Nc6 3. Nf3 d6 4. c3 Nf6 5. Ng5 e6 6. d3 Be7 7. f4 a6 8. Bb3 Qc7 9. 0-0 b5 10. Bc2 Bb7 11. Be3 h6 12. Nh3 g6 13. Nd2 d5 14. e5 Nh5 15. d4 cxd4 16. cxd4 Ng7 17. g4 h5 18. Ng5 hxg4 19. Qxg4 Nf5 20. Bxf5 exf5 21. Qg2 Nd8 22. Rf3 Qc2 23. Rh3 Rxh3 24. Qxh3 Qxb2 25. Nb3 Rc8 26. Qh8+ Kd7 27. Rc1 Rxc1+ 28. Bxc1 Qxa2 29. Qh3 b4 30. Qe3 a5 31. Nh7 Ne6 32. Nf6+ Kc8 33. Qh3 a4 34. Qh8+ Nd8 35. Na5 Qb1 36. Ne8 Qxc1+ 37. Kg2 Qd2+ 38. Kh3 Ba6 39. Nd6+ Bxd6 40. exd6 Bf1+ 0-1

[Event "Gran Canaria Galdos op 2nd"]
[Site "Gran Canaria"]
[Date "2017.05.03"]
[Round "1"]
[White "Diaz del Rosario, Carlos Efren"]
[Black "Kleine, Peter"]
[Result "0-1"]
[WhiteElo "1145"]
[BlackElo "1594"]
[PlyCount "80"]
[EventDate "2017.05.03"]
[EventType "swiss"]
[EventRounds "5"]
[EventCountry "ESP"]
[SourceTitle "CBM 178 Extra"]
[Source "ChessBase"]
[SourceDate "2017.06.22"]
[SourceVersion "1"]
[SourceVersionDate "2017.06.22"]
[SourceQuality "1"]

1. e4 e5 2. Nf3 d6 3. Bc4 c6 4. d3 b5 5. Bb3 Be7 6. Be3 Bg4 7. Nbd2 Na6 8. h3 Bh5 9. g4 Bg6 10. Qe2 Nc7 11. d4 exd4 12. Bxd4 f6 13. g5 c5 14. Be3 c4 15. Bxc4 bxc4 16. Qxc4 Bf7 17. Qd3 h6 18. gxh6 Nxh6 19. 0-0-0 Qd7 20. Rhg1 g5 21. h4 g4 22. Nh2 Be6 23. f3 Nf7 24. Bf2 Ne5 25. Qe2 gxf3 26. Nhxf3 Qb5 27. Qf1 Qxf1 28. Rdxf1 a5 29. Bb6 Nb5 30. a4 Na7 31. Bxa5 Nac6 32. b4 Nxa5 33. bxa5 Rxa5 34. Nd4 Bd7 35. Nb5 Rxa4 36. Rg7 Rxh4 37. Rg8+ Kf7 38. Rfg1 Rg4 39. R8xg4 Nxg4 40. Rxg4 Bxg4 0-1

[Event "Las Palmas Cabildo op"]
[Site "Las Palmas"]
[Date "2017.03.10"]
[Round "1"]
[White "Kleine, Peter"]
[Black "Gutierrez Olivares, Daniel"]
[Result "0-1"]
[WhiteElo "1583"]
[BlackElo "2333"]
[PlyCount "80"]
[EventDate "2017.03.10"]
[EventType "swiss"]
[EventRounds "7"]
[EventCountry "ESP"]
[SourceTitle "EXT 2018"]
[Source "ChessBase"]
[SourceDate "2017.10.13"]
[SourceVersion "1"]
[SourceVersionDate "2017.10.13"]
[SourceQuality "1"]

1. Nh3 Nf6 2. g3 d5 3. d4 c5 4. Bg2 cxd4 5. Qxd4 Nc6 6. Qa4 Bd7 7. c3 e5 8. Bg5 h6 9. Bxf6 Qxf6 10. 0-0 Be7 11. Qb3 d4 12. cxd4 exd4 13. Nf4 Bd6 14. Nd5 Qe6 15. Nd2 0-0 16. Rae1 Rad8 17. e4 Bc5 18. Kh1 a6 19. f4 Na5 20. Qd1 Bb5 21. f5 Qe5 22. Rf4 Nc4 23. Nf3 Qb8 24. Nxd4 Nxb2 25. Qd2 Bxd4 26. Qxd4 Nd3 27. Rg4 Qe5 28. Qxe5 Nxe5 29. Rh4 Bc4 30. Ne7+ Kh7 31. a3 Rd2 32. Nd5 Be2 33. Rc1 Nd3 34. Rb1 Rc8 35. Ne3 Ne5 36. f6 g5 37. Bh3 gxh4 38. Bxc8 Bf3+ 39. Kg1 Bxe4 40. Rb4 Nf3+ 0-1

[Event "Gran Canaria Santana Memorial 5th"]
[Site "Gran Canaria"]
[Date "2017.02.21"]
[Round "6"]
[White "Kleine, Peter"]
[Black "Hernandez Suarez, Francisco"]
[Result "1-0"]
[WhiteElo "1567"]
[BlackElo "1151"]
[PlyCount "55"]
[EventDate "2017.02.03"]
[EventType "swiss"]
[EventRounds "7"]
[EventCountry "ESP"]
[SourceTitle "CBM 177 Extra"]
[Source "ChessBase"]
[SourceDate "2017.04.27"]
[SourceVersion "1"]
[SourceVersionDate "2017.04.27"]
[SourceQuality "1"]

1. b4 b6 2. Nf3 Nf6 3. Bb2 e6 4. b5 Bc5 5. d4 Bd6 6. e3 Bb7 7. Be2 c6 8. a4 Qc7 9. Nbd2 Nd5 10. c4 Nf6 11. Qb3 c5 12. dxc5 Bxc5 13. Ba3 d6 14. 0-0 Nbd7 15. Bb2 0-0 16. Nd4 d5 17. Bf3 Ne4 18. Nxe4 dxe4 19. Be2 Rad8 20. Qc3 Bd6 21. Nc6 Bxh2+ 22. Kh1 Be5 23. Nxe5 Nxe5 24. Qxe5 Qxe5 25. Bxe5 Rd7 26. Rad1 Re7 27. Bd6 Rfe8 28. Bxe7 1-0

[Event "Gran Canaria Santana Memorial 5th"]
[Site "Gran Canaria"]
[Date "2017.02.07"]
[Round "2"]
[White "Duke, Matthew Aaron"]
[Black "Kleine, Peter"]
[Result "0-1"]
[WhiteElo "1208"]
[BlackElo "1567"]
[PlyCount "108"]
[EventDate "2017.02.03"]
[EventType "swiss"]
[EventRounds "7"]
[EventCountry "ESP"]
[SourceTitle "CBM 177 Extra"]
[Source "ChessBase"]
[SourceDate "2017.04.27"]
[SourceVersion "1"]
[SourceVersionDate "2017.04.27"]
[SourceQuality "1"]

1. e4 b6 2. Bc4 Bb7 3. d3 e6 4. Nc3 g6 5. Nf3 Bg7 6. Bg5 Ne7 7. Qd2 h6 8. Bf4 d6 9. g4 g5 10. Be3 d5 11. exd5 exd5 12. Bb3 d4 13. Bxg5 dxc3 14. bxc3 Bxf3 15. Qf4 Bd5 16. Bxe7 Qxe7+ 17. Kd2 Bxb3 18. cxb3 Qg5 19. Rae1+ Kf8 20. Qxg5 hxg5 21. Re4 Nc6 22. f4 gxf4 23. Kc2 Re8 24. d4 Rxe4 25. Kd3 Re3+ 26. Kc4 Rhh3 27. Rf1 Rxc3+ 28. Kd5 Nb4+ 29. Ke4 f3 30. d5 Nc2 31. d6 cxd6 32. Kd5 Ne3+ 33. Ke4 Nxf1 34. a4 Nd2+ 35. Kf5 Rc5+ 36. Kf4 Be5+ 37. Ke3 Rxh2 38. b4 Re2+ 39. Kd3 Rd5+ 40. Kc2 Ne4+ 41. Kb3 Rb2+ 42. Kc4 Rd4+ 43. Kb5 Rbxb4+ 44. Kc6 Rbc4+ 45. Kb5 Nc3+ 46. Ka6 Rxa4+ 47. Kb7 Rdc4 48. g5 d5 49. g6 Rc7+ 50. Kb8 Re7+ 51. Ka8 Re8+ 52. Kb7 Rb8+ 53. Kc6 Rc4+ 54. Kd7 Rc7# 0-1

[Event "Las Palmas Insular-chT Primera-A 1617"]
[Site "Las Palmas"]
[Date "2016.12.17"]
[Round "7.4"]
[White "Suarez Rodriguez, Doramas"]
[Black "Kleine, Peter"]
[Result "1-0"]
[WhiteElo "1581"]
[BlackElo "1554"]
[PlyCount "67"]
[EventDate "2016.10.22"]
[EventType "team-tourn"]
[EventRounds "14"]
[EventCountry "ESP"]
[SourceTitle "EXT 2018"]
[Source "ChessBase"]
[SourceDate "2017.10.13"]
[SourceVersion "1"]
[SourceVersionDate "2017.10.13"]
[SourceQuality "1"]
[WhiteTeam "La Aldea"]
[BlackTeam "Tres W II"]
[WhiteTeamCountry "ESP"]
[BlackTeamCountry "ESP"]

1. d4 d5 2. c4 c6 3. Nc3 dxc4 4. e3 b5 5. Nxb5 cxb5 6. Qf3 Nc6 7. Qxc6+ Bd7 8. Qa6 Qb6 9. Qxb6 axb6 10. Nf3 Nf6 11. Ne5 e6 12. Be2 Bd6 13. Nxd7 Kxd7 14. f3 Nd5 15. Kf2 e5 16. dxe5 Bxe5 17. f4 Bf6 18. Rd1 Kc6 19. Bf3 Rad8 20. e4 Nxf4 21. Bxf4 Bxb2 22. Rxd8 Rxd8 23. Rd1 Rxd1 24. Bxd1 Kc5 25. Bc2 h6 26. Be3+ Bd4 27. a3 f6 28. Ke2 Bxe3 29. Kxe3 b4 30. axb4+ Kxb4 31. Kd4 b5 32. h4 Ka5 33. Kc5 c3 34. h5 1-0

[Event "Gran Canaria Cabildo op"]
[Site "Gran Canaria"]
[Date "2016.02.19"]
[Round "2"]
[White "Trujillo Morales, Sofia"]
[Black "Kleine, Peter"]
[Result "1/2-1/2"]
[WhiteElo "1172"]
[BlackElo "1599"]
[PlyCount "142"]
[EventDate "2016.02.16"]
[EventType "swiss"]
[EventRounds "9"]
[EventCountry "ESP"]
[SourceTitle "CBM 171 Extra"]
[Source "ChessBase"]
[SourceDate "2016.04.26"]
[SourceVersion "1"]
[SourceVersionDate "2016.04.26"]
[SourceQuality "1"]

1. e4 d6 2. d4 b6 3. Nf3 Bb7 4. Nc3 Nf6 5. Bd3 Nbd7 6. 0-0 e6 7. Re1 Be7 8. a4 0-0 9. a5 a6 10. axb6 cxb6 11. Bf4 Nh5 12. Bd2 b5 13. Ne2 e5 14. Ba5 Qc8 15. Bd2 Nhf6 16. Ng3 g6 17. b3 exd4 18. Nxd4 Ne5 19. Bf1 Qc5 20. Nf3 Rfc8 21. Ra2 Nfg4 22. Be3 Nxe3 23. Rxe3 Ng4 24. Re2 h5 25. Qd4 h4 26. Qxc5 Rxc5 27. Nh1 Bf6 28. h3 Ne5 29. Nxe5 Bxe5 30. f3 Rac8 31. Nf2 Bd4 32. Rd2 Be3 33. Re2 Rc3 34. Kh1 Bxf2 35. Rxf2 Re3 36. Re2 Rec3 37. Rd2 Rd8 38. e5 d5 39. Re2 Re8 40. f4 d4 41. Rd2 Rxh3+ 42. Kg1 Rg3 43. Rxd4 h3 44. Rd2 Kg7 45. Kh2 hxg2 46. Bxg2 Rxg2+ 47. Rxg2 Bxg2 48. Kxg2 Re6 49. Kf3 f6 50. exf6+ Kxf6 51. c3 Rc6 52. Rc2 Ke6 53. Ke3 Kf5 54. c4 bxc4 55. Rxc4 Rb6 56. Rc5+ Kg4 57. Rg5+ Kh4 58. Ke4 Rb4+ 59. Ke5 Rb5+ 60. Kf6 Rxb3 61. Rxg6 a5 62. Ke6 Rb5 63. f5 Kh5 64. Rg8 Rb6+ 65. Kd7 Ra6 66. Ke7 a4 67. f6 Ra7+ 68. Ke8 a3 69. f7 a2 70. Rg1 a1Q 71. Rxa1 Rxa1 1/2-1/2

[Event "Las Palmas Insular-chT Primera-A"]
[Site "Las Palmas"]
[Date "2016.01.23"]
[Round "10.1"]
[White "Medina Suarez, Jose Roman"]
[Black "Kleine, Peter"]
[Result "0-1"]
[WhiteElo "1592"]
[BlackElo "1647"]
[PlyCount "104"]
[EventDate "2015.10.17"]
[EventType "team-tourn"]
[EventRounds "14"]
[EventCountry "ESP"]
[SourceTitle "EXT 2017"]
[Source "ChessBase"]
[SourceDate "2016.10.25"]
[SourceVersion "1"]
[SourceVersionDate "2016.10.25"]
[SourceQuality "1"]
[WhiteTeam "El Puerto de Santa Lucia II"]
[BlackTeam "Tres W "]
[WhiteTeamCountry "ESP"]
[BlackTeamCountry "ESP"]

1. e4 e5 2. Nf3 Nf6 3. d3 Nc6 4. Bg5 Be7 5. Nbd2 0-0 6. Be2 d5 7. Bxf6 Bxf6 8. exd5 Qxd5 9. 0-0 Bf5 10. Re1 Rad8 11. Qc1 e4 12. dxe4 Bxe4 13. Nxe4 Qxe4 14. Bb5 Qd5 15. Bxc6 Qxc6 16. c3 Rfe8 17. Qc2 b5 18. a3 a5 19. Qb3 Qb6 20. Rab1 a4 21. Qc2 Qd6 22. Rbd1 Rxe1+ 23. Rxe1 h6 24. h3 c5 25. Re2 Qd1+ 26. Qxd1 Rxd1+ 27. Kh2 Rb1 28. g4 b4 29. axb4 cxb4 30. cxb4 Rxb2 31. Rxb2 Bxb2 32. b5 Bc1 33. Ne1 a3 34. b6 a2 35. Nc2 Bf4+ 36. Kg2 Kf8 37. Kf3 g5 38. Ke4 Ke8 39. Kd5 Kd7 40. f3 f6 41. Ke4 Be5 42. Kf5 a1Q 43. Nxa1 Bxa1 44. Kg6 Kc6 45. b7 Kxb7 46. Kxh6 Kc6 47. Kh5 Be5 48. h4 gxh4 49. Kxh4 Bf4 50. Kh3 Kd5 51. Kg2 Kd4 52. Kf2 Kd3 0-1